书目信息 |
| 题名: |
尼泊尔
|
|
| 作者: | 王宏纬 主编 | |
| 分册: | ||
| 出版信息: | 北京 社会科学文献出版社 2004 |
|
| 页数: | 14,450页 | |
| 开本: | 21cm | |
| 丛书名: | 列国志 | |
| 单 册: | ||
| 中图分类: | K355.9 | |
| 科图分类: | ||
| 主题词: | 尼泊尔--概况 , 南亚--历史 | |
| 电子资源: | ||
| ISBN: | 7-80149-934-4 | |
| 000 | 01257nam0 2200373 450 | |
| 000 | 01220nam0 2200361 450 | |
| 000 | 01176nam0 2200349 450 | |
| 000 | 01139nam0 2200337 450 | |
| 000 | 01157nam0 2200325 450 | |
| 000 | 01120nam0 2200313 45 | |
| 001 | TS2006009959 | |
| 005 | 20070108163619.03 | |
| 010 | @a7-80149-934-4@dCNY32.00 | |
| 092 | @aCN@bTS01-010645 | |
| 100 | @a20060829d2004 em y0chiy0110 ea | |
| 101 | 0 | @achi |
| 102 | @aCN@b110000 | |
| 105 | @aab z 000yy | |
| 200 | 1 | @a尼泊尔@ANi Bo Er@f王宏纬主编@FWang Hong Wei Zhu Bian |
| 210 | @a北京@c社会科学文献出版社@d2004 | |
| 215 | @a14,450页@c地图,照片@d21cm | |
| 225 | 2 | @a列国志 |
| 300 | @a中国社会科学院重大课题 国家“十五”重点出版项目 | |
| 330 | @a本书阐述了尼泊尔的国土与人民、民族、历史、政治、经济、军事、教育、科学、文艺、卫生、体育、新闻及出版、外交以及中尼友好关系等方面内容。 | |
| 410 | 0 | @12001 @a列国志 |
| 510 | 1 | @aNepal@zeng |
| 606 | @a尼泊尔@x概况 | |
| 606 | 0 | @a南亚@x历史 |
| 690 | @aK355.9@v4 | |
| 701 | 0 | @a王宏纬@AWang Hong Wei@f(1934~)@4主编 |
| 801 | 0 | @aCN@b中图数据@c20070108 |
| 905 | @a10447@dK355.9@e7 | |
| 尼泊尔/王宏纬主编.-北京:社会科学文献出版社,2004 |
| 14,450页:地图,照片;21cm.-(列国志) |
| 中国社会科学院重大课题 国家“十五”重点出版项目 |
| ISBN 7-80149-934-4:CNY32.00 |
| 本书阐述了尼泊尔的国土与人民、民族、历史、政治、经济、军事、教育、科学、文艺、卫生、体育、新闻及出版、外交以及中尼友好关系等方面内容。 |
| ● |
| 相关链接 |
|
|
|
|
正题名:尼泊尔
索取号:K355.9/7
 
预约/预借
| 序号 | 登录号 | 条形码 | 馆藏地/架位号 | 状态 | 备注 |
| 1 | 0612647 | 206126477 | 第二样本阅览室/ [索取号:K355.9/7] | 在馆 | |
| 2 | 0612648 | 206126486 | 第二借阅区/ [索取号:K355.9/7] | 在馆 | |
| 3 | 0612649 | 206126495 | 第二借阅区/ [索取号:K355.9/7] | 在馆 | |
| 4 | 0612650 | 206126501 | 第二借阅区/ [索取号:K355.9/7] | 在馆 | |
| 5 | 0612651 | 206126510 | 第二借阅区/ [索取号:K355.9/7] | 在馆 |